[Event "Chennai Murali Mohan Memorial 2nd"]
[Site "Chennai"]
[Date "2023.07.15"]
[Round "4"]
[White "Rajarishi, Karthi"]
[Black "Sidharth, PG."]
[Result "1-0"]
[WhiteElo "2109"]
[BlackElo "1583"]
[PlyCount "59"]
[EventDate "2023.07.15"]
[EventType "swiss (rapid)"]
[EventRounds "9"]
[EventCountry "IND"]
[SourceTitle "CBM 215 Extra"]
[Source "ChessBase"]
[SourceDate "2023.09.30"]
[SourceVersion "1"]
[SourceVersionDate "2023.09.30"]
[SourceQuality "1"]

1. d4 Nf6 2. c4 c5 3. d5 b5 4. Qc2 bxc4 5. e4 d6 6. Bxc4 g6 7. Nf3 Bg7 8. 0-0 0-0 9. h3 Ba6 10. Na3 Bxc4 11. Nxc4 Nbd7 12. Bf4 Nb6 13. Nfd2 Nfd7 14. Rad1 Nxc4 15. Nxc4 Nb6 16. Nd2 e6 17. dxe6 fxe6 18. Bh2 Rc8 19. Nb3 e5 20. Qd2 Nc4 21. Qd5+ Kh8 22. Qxc4 Qf6 23. f4 exf4 24. Bxf4 Qxb2 25. Bxd6 Rxf1+ 26. Rxf1 Qxa2 27. Qe6 Rd8 28. Qe7 Rc8 29. Be5 Bxe5 30. Rf8+ 1-0